Personagens da novela “Três Graças” - Statistics

Estatísticas Gerais
  • Esse quiz foi jogado 70 vezes
    63 desde o último reset
  • A pontuação média é 25 de 44
Estatísticas das Respostas
Ator/Atriz Personagem % Correto
Alana Cabral Joélly
91%
Alanis Guillen Lorena
88%
Grazi Massafera Arminda
85%
Gabriela Medvedovsky Juquinha
85%
Arlete Salles Joséfa
82%
Dira Paes Lígia
79%
Fernanda Vasconcellos Samira
79%
Andréia Horta Zenilda
79%
Belo Misael
76%
Sophie Charlotte Gerluce
76%
Daphne Bozaski Lucélia
76%
Eduardo Moscovis Rogério
76%
Gabriela Loran Viviane
76%
Murilo Benício Santiago Ferette
68%
Pedro Novaes Leonardo
68%
Xamã Bagdá
65%
Miguel Falabella Kasper
65%
Rômulo Estrela Paulinho
65%
André Mattos Delegado Jairo
62%
Bárbara Reis LENA
62%
Marcos Palmeira Joaquim
59%
Paulo Mendes Raul
59%
Carla Marins Xênica
59%
Luiza Rosa Kellen
56%
Enrique Díaz Pastor Albérico
56%
Juliano Cazarré Jorginho Ninja
53%
Guthierry Sotero Júnior
53%
Mell Muzzillo Maggie
50%
Viviane Araujo Consuelo
47%
Túlio Starling Zé Maria
47%
Amaury Lorenzo Gilmar
44%
Samuel de Assis João Rubens
44%
Kelzy Ecard Helga
41%
Leandro Lima Herculano
38%
Lorrana Moussinho Cláudia
35%
Augusto Madeira Rivaldo
35%
Lucas Righi Alemão
32%
Otávio Muller Célio
32%
Davi Luis Flores Cristiano
32%
Vinicius Teixeira Vandilson
29%
Glaura Lacerda Gisleyne
26%
Juliana Alves Alaíde
24%
Marcelo Escorel Vicente
21%
Júlio Rocha Ediberto
12%
Nenhum quiz correspondente encontrado
Distribuição das Pontuações
Porcentagem de Pessoas com Cada Pontuação
Percentil de Números Respondidos
Sua Pontuação Histórica
Você não jogou esse quiz desde o último reset